| 000 | 01220nam a2200373 i 4500 | ||
|---|---|---|---|
| 001 | 019645054 | ||
| 003 | EG-ScBUE | ||
| 005 | 20230404100332.0 | ||
| 008 | 191213r2019 enk f b 000 0 eng d | ||
| 020 | _z9780141012377 | ||
| 040 |
_aUk _beng _erda _cUk _dEG-ScBUE |
||
| 082 | 0 | 4 |
_a303.66 _222 _bSON |
| 100 | 1 |
_aSontag, Susan, _d1933-2004, _eauthor. |
|
| 245 | 1 | 0 |
_aRegarding the pain of others / _cSusan Sontag. |
| 264 | 1 |
_a[London] : _bPenguin Books, _c2019. |
|
| 300 |
_a115 pages ; _c20 cm |
||
| 336 |
_atext _2rdacontent _btxt |
||
| 337 |
_aunmediated _2rdamedia _bn |
||
| 338 |
_avolume _2rdacarrier _bnc |
||
| 500 | _aOriginally published: London : Hamish Hamilton, 2003. | ||
| 504 | _aIncludes bibliographical references. | ||
| 650 | 7 |
_aMass media and war. _2BUEsh |
|
| 650 | 7 |
_aWar in mass media. _2BUEsh |
|
| 650 | 7 |
_aWar and society. _2BUEsh |
|
| 650 | 7 |
_aWar photography _xSocial aspects. _2BUEsh |
|
| 650 | 7 |
_aWar in art _xSocial aspects. _2BUEsh |
|
| 650 | 7 |
_aPhotojournalism _xSocial aspects. _2BUEsh |
|
| 650 | 7 |
_aAtrocities. _2BUEsh |
|
| 650 | 7 |
_aViolence. _2BUEsh |
|
| 653 |
_bART _cApril2023 |
||
| 655 | _vReading book | ||
| 942 |
_2ddc _cBB |
||
| 999 |
_c30259 _d30230 |
||